000 00866nam a2200229 a 4500
001 000005088
005 20240315194914.0
008 090729s2005 dr 000 0 spa d
020 _z9993476935
040 _aDO-SdBNP
_bspa
_cBNPHU
082 _a320.97293
_bM766g
100 1 _aMontás, Juan Temístocles
_d1950-
_979676
245 1 3 _aLa gran estafa :
_blo que estaba predicho /
_cJuan Temístocles Montás.
260 _aSanto Domingo :
_bAlfa & omega,
_c2005.
300 _a451 p. ;
_c24 cm.
590 _aInventariado, 2018/LP
650 4 _aPresidentes
_zRepública Dominicana
_9599
651 4 _aRepública Dominicana
_xPolítica Y Gobierno
_y2000-2004
_914609
651 4 _aRepública Dominicana
_xCondiciones Económicas
_y2000-2004
_914610
651 4 _aRepública Dominicana
_xCondiciones Sociales
_y2000-2004
_914611
910 _aValidado. Control de calidad MFF
999 _c4892
_d4892